MDQL
is popping MORE tags! Check the
thread
!
Quizzes
Events
Quiz Creation
Community
Videos
Private Events
Remove Ads
Sign In
Join for FREE
Feedback
Dark Mode
Quiz Categories
Sports
Geography
Music
Movies
Television
Just For Fun
Miscellaneous
History
Literature
Language
Science
Gaming
Entertainment
Religion
Holiday
For Kids
Quiz Lab
Recent
Popular Today
Quiz Kudos Today
Editor Picks
Curator Picks
Quizzes by...
Day
Popularity
Type
Ratings
Length
Year
Community
Subscriptions
Recent Discussions
Orange Saloon
Badges
Playlists
Quests
Create
Leaderboards
Showdown
Live 5
Trivia Bingo
Activity
Puzzle Library
Sporcle Events
Private Events
Virtual Trivia
Globe League
Become a Host
Pub Owners
SporcleCon
Opinionation
Our Games
Videos
Blog
Mobile Apps
Partnerships
Remove Ads and Go Orange
Feedback
Sports
Athletes
MLB
NBA
NHL
NFL
Soccer
Sports Teams
WWE
NCAA
Football
Premier League
Basketball
Baseball
Hockey
Golf
Tennis
Cricket
Rugby
Auto Racing
Olympics
World Cup
Sports
Athletes
MLB
NBA
NHL
NFL
Soccer
Sports Teams
WWE
NCAA
Football
Premier League
Basketball
Baseball
Hockey
Golf
Tennis
Cricket
Rugby
Auto Racing
Olympics
World Cup
Random Quiz
Search Sporcle
×
Quiz Lab
Quiz Lab
Sports
Royal
Type in answers that appear in a list
Type in answers that appear in a list
Classic
Best Score? Go Orange.
2010 Royal Rumble Stats
Can you name the 2010 Royal Rumble Participants?
By
cardenharry92
10m
30 Questions
137 Plays
137 Plays
137 Plays
Comments
Comments
Give Quiz Kudos
Give Quiz Kudos
-
- Ratings
hide this ad
Replay
Link that replays current quiz
Next Quiz
Link to next quiz in quiz playlist
You Got
0%
They Got
Avg Score
81%
Avg Friend Score
Upgrade to see
Score Distribution
Jump to the score distribution portion of the page
Score
0/30
Timer
10:00
0
Plays Today
#
Wrestler
% Correct
29
Edge
96.4%
19
John Cena
94.2%
30
Batista
93.4%
3
CM Punk
92.7%
5
The Great Khali
90.5%
8
Triple H
90.5%
1
Dolph Ziggler
89.8%
16
The Miz
88.3%
18
Shawn Michaels
88.3%
28
Chris Jericho
88.3%
22
Big Show
87.6%
23
Mark Henry
85.4%
2
Evan Bourne
83.9%
12
Kane
83.9%
13
Cody Rhodes
83.9%
#
Wrestler
% Correct
14
MVP
81.8%
25
R-Truth
81.8%
6
Beth Phoenix
81%
10
Ted DiBiase
79.6%
11
John Morrison
78.1%
7
Zack Ryder
76.6%
20
Shelton Benjamin
76.6%
27
Kofi Kingston
75.9%
4
JTG
73.7%
17
Matt Hardy
70.8%
9
Drew McIntyre
68.6%
26
Jack Swagger
65.7%
15
Carlito
64.2%
21
Yoshi Tatsu
62%
24
Chris Masters
59.1%
Quiz Playlist
Details
Report
Send in Message
Add To Playlist
Classic:
Type in answers that appear in a list
Last Updated: Feb 16, 2017
Quiz Scoreboard
CHALLENGE
Sign Up to Join the Scoreboard
Show All
Scores
Hide
Comments
May contain spoilers
Recently Published
Holiday 10x10 Sorting Gallery
by lukepisani3
Holiday
15m
Two Season TV Shows II
by 123Four
Television
10m
Image Sorting: Flags VI
by Barbecue
Geography
2m
More to Explore
Quiz From the Vault
Featured Blog Post
14 Easter Pick-up Lines to Find Eggs With
hide this ad
You Might Also Like...
Tags
2010
participant
Royal
rumble
Rumble Participants
Today's Top Quizzes in Sports
Browse Sports
hide this ad
Today's Top Quizzes in Royal
Browse Royal
Top Contributed Quizzes in Sports
1
Les meilleurs buteurs des matchs entre le PSG et l’OM
2
Les entraîneurs de l'OM et du PSG au 21e siècle
3
2022 World Cup Stars
4
Les joueurs passés par le PSG et l'OM
5
Players with Multiple 50 Home Run Seasons
6
FIFA Club World Cup Champions
7
Top 10 NHL Goal Scorers of All Time
8
Les joueurs passés par le LOSC et le RC Lens
9
Criteria MLB: Left Handed Sluggers
10
2023 MLB Unique Player Accomplishments
Explore More
Trending Topics
Harry Potter
Disney
Marvel
Anime
Crossword
NBA
Kpop
Country
Soccer
Song
Puzzle
NFL
Pokémon
WWE
The Office
hide this ad
More By:
cardenharry92
Quiz
Plays
Rating
Category
Featured
Created
AJ Styles WWE PPV Opponents
7,972
4.13
Sports
Sep 4, 2016
WWE Roster 2018
4,478
3.40
Sports
Dec 10, 2016
WWE Royal Rumble 2017 Participants
2,433
2.88
Sports
Jan 30, 2017
WWE Draft 2018 (Superstar Shakeup)
1,616
4.00
Sports
Apr 18, 2018
WWE Draft 2017 (Superstar Shakeup)
1,603
3.50
Sports
Apr 12, 2017
Go to Creator's Profile
Score Distribution
Quiz Creator Spotlight
cardenharry92
Follow
Send a Message
Quizzes Created
-
Created Quiz Play Count
-
More By This Creator
Popular Quizzes Today
1
Find the US States - No Outlines Minefield
2
Colored Red Africa Blitz
3
Find the 'City' Movie
4
The Countries of the World
5
Find the US States
6
5x2 Blitz: Bands
7
Find the Countries of Europe - No Outlines Minefield
8
US States
More Sports Quizzes
Where Did They Go: Arsenal
Quiz Lab
Trending Quizzes
Colored Red Europe Blitz I
Colored Red Europe Blitz II
Colored Red Africa Blitz II
Colored Red Europe Blitz III
Colored Red Africa Blitz III
Recently Updated
Odd Team Out - Big 4 Players
pecheneg
Quick Pick: 20 Twenties
pecheneg
March Madness Men's Triple Doubles
pecheneg
How Do You Spell That?
pecheneg
Godzilla Movies
pecheneg
Grab Bag: 4-10 Letters
pecheneg
2024 March Madness Bracket
pecheneg
Famous TV Couples
Peacemaker
Champions League XIs: Real Madrid
pecheneg
Largest US Cities 1790-2010
pecheneg
Trending Topics
Anime
Disney
Marvel
Kpop
NBA
Harry Potter
Crossword
Song
NFL
WWE
Soccer
Country
Pokémon
The Office
Puzzle
Your Account Isn't Verified!
In order to create a playlist on Sporcle, you need to verify the email address you used during registration. Go to your
Sporcle Settings
to finish the process.
Report this User
Report this user for behavior that violates our
Community Guidelines
.
Details:
Send Report
Go to the Sporcle.com Mobile Site →
Comments